| 000 | 00550nam a2200169Ia 4500 | ||
|---|---|---|---|
| 008 | 090711s9999 xx 000 0 und d | ||
| 082 | _b73815 | ||
| 100 | _aनामदार शंकर | ||
| 245 | _aगोष्ट नकव्या नाकाSाी | ||
| 260 | _c1993 | ||
| 300 | _a76 | ||
| 600 | _aनामदार शंकर | ||
| 630 | _aगोष्ट नकव्या नाकाSाी | ||
| 700 | _aनामदार शंकर | ||
| 730 | _aगोष्ट नकव्या नाकाSाी | ||
| 942 | _cBOOK | ||
| 999 |
_c326510 _d326510 |
||